000 01195nam a2200229Ia 4500
001 L450-25427
003 IT-CnALBA
008 170116s9999||||xx |||||||||||||| ||und||
040 _aIT-CnALBA
_cIT-CnALBA
041 _aITALIANO
100 _aPERUZZI EMILIO
245 0 _aPROBLEMI DI GRAMMATICA ITALIANA.
250 _a1a ed.
260 _a TO
_bERI EDIZ. RAI RADIOTELEV. ITALIANA
_c1963 [1° Ed.:1963 - Ed.Ling.Originale: 1963]
300 _a159 p.
500 _aINVITO ALLA GRAMMATICA. ARTICOLO. FLESSIONE DEI NOMI. PLURALI IN A. PRONOMI PERSONALI. PRONOMI DI CORTESIA. FLESSIONE DEL VERBO. VERBI AUSILIARI. TEMPI DEL VERBO. CONGIUNTIVO. ESERCIZI DI LETTURE. SU PIRANDELLO. D'ANNUNZIO, SVEVO, PAPINI, LANDOLFI, DEVOTO
501 _aSocietà San Paolo EM - Piazza San Paolo, 14 - 12051 ALBA (CN) (non commercial uses only) ® Copyright 2017
520 _aINVITO ALLA GRAMMATICA. ARTICOLO. FLESSIONE DEI NOMI. PLURALI IN A. PRONOMI PERSONALI. PRONOMI DI CORTESIA. FLESSIONE DEL VERBO. VERBI AUSILIARI. TEMPI DEL VERBO. CONGIUNTIVO. ESERCIZI DI LETTURE. SU PIRANDELLO. D'ANNUNZIO, SVEVO, PAPINI, LANDOLFI, DEVOTO
650 _aLINGUA ITALIANA
942 _cBK
957 _71
999 _a30214
_bNO
_g Copie: 1
_c284540
_d284540